Štíhle riadenie - lean management

Lean management - spôsob práce, či filozofia, ktorá si kladie ze cieľ zvyšovať pridanú hodnotu všetkých firemných činností pre zákazníka a zároveň znižovať úroveň plytvania zdrojmi, či sa už jedná o finančné prostriedky, ľudskú prácu, čas, materiál, či napr. skladové priestory. Jeho cieľom je znížiť...

Description complète

Enregistré dans:
Détails bibliographiques
Auteur principal: Poniščiaková, Oľga
Format: Chapitre de livre
Langue:slovaque
Sujets:
Tags: Ajouter un tag
Pas de tags, Soyez le premier à ajouter un tag!

MARC

LEADER 00000naa a2200000 4500
001 0204625
005 20231120135311.3
041 0 |a slo 
044 |a SK 
245 1 0 |a Štíhle riadenie - lean management  |c Oľga Poniščiaková 
520 |a Lean management - spôsob práce, či filozofia, ktorá si kladie ze cieľ zvyšovať pridanú hodnotu všetkých firemných činností pre zákazníka a zároveň znižovať úroveň plytvania zdrojmi, či sa už jedná o finančné prostriedky, ľudskú prácu, čas, materiál, či napr. skladové priestory. Jeho cieľom je znížiť zbytočné a neproduktívne plytvanie všetkými zdrojmi na minimum, čím sa môže buď zvýšiť pridaná hodnota pre zákazníka, alebo znížiť jeho náklady. Kde možno uplatniť lean management. Ako sa tento populárny spôsob riadenia vyvíjal. 
610 2 0 |a manažment štíhly 
100 1 |a Poniščiaková, Oľga